000
00321nam a22001457a 4500
020
_a
978-9352833979
041
_a
ENG
100
_a
R.S Khurml
245
_a
A Textbook of Strength of Matrials
260
_a
new Delhi
_b
S Chand And Company
_c
2018
300
_a
734
650
_a
FS
700
_a
N Khurmi
856
_u
FS
999
_c
91
_d
91